LEADER 01914oam 22006015 450 001 9910780024303321 005 20200520144314.0 010 $a1-280-08403-0 010 $a9786610084036 010 $a0-585-41511-0 024 7 $a10.1596/0-8213-4867-1 035 $a(CKB)111056486747498 035 $a(OCoLC)559192921 035 $a(CaPaEBR)ebrary10070390 035 $a(SSID)ssj0000085243 035 $a(PQKBManifestationID)11112599 035 $a(PQKBTitleCode)TC0000085243 035 $a(PQKBWorkID)10008216 035 $a(PQKB)11602013 035 $a(MiAaPQ)EBC3050762 035 $a(Au-PeEL)EBL3050762 035 $a(CaPaEBR)ebr10070390 035 $a(CaONFJC)MIL8403 035 $a(OCoLC)821698821 035 $a(The World Bank)00065481 035 $a(US-djbf)12227220 035 $a(EXLCZ)99111056486747498 100 $a20001109d2001 uy 0 101 0 $aeng 135 $aurcn||||||||| 181 $ctxt$2rdacontent 182 $cc$2rdamedia 183 $acr$2rdacarrier 200 10$aAfrican poverty at the millennium : $ecauses, complexities, and challenges /$fHoward White and Tony Killick in collaboration with Steve Kayizzi-Mugerwa and Marie-Angelique Savane 210 1$aWashington, D.C. :$cWorld Bank,$dc2001. 215 $axxvi, 139 pages $cillustrations ;$d28 cm 300 $aBibliographic Level Mode of Issuance: Monograph 311 $a0-8213-4867-1 320 $aIncludes bibliographical references (p. 133-139). 410 0$aWorld Bank e-Library. 606 $aPoverty$zAfrica 607 $aAfrica$xEconomic conditions 615 0$aPoverty 676 $a339.4/6/096 700 $aWhite$b Howard$f1960-$0125748 701 $aKillick$b Tony$0122852 801 0$bDLC 801 1$bDLC 801 2$bDLC 906 $aBOOK 912 $a9910780024303321 996 $aAfrican poverty at the millennium$93790777 997 $aUNINA LEADER 03432nam 2200517I 450 001 9911008494003321 010 $a958-784-058-5 035 $a(CKB)4970000000155325 035 $a(OCoLC)1048923121 035 $a(NyNyDIG)DIGUDROS0368 035 $a(Perlego)1921862 035 $a(EXLCZ)994970000000155325 100 $a20180814j201804 uy 0 101 0 $aspa 135 $aur||||||||||| 181 $ctxt$2rdacontent 182 $cc$2rdamedia 183 $acr$2rdacarrier 200 10$aImplementacio?n del acuerdo de paz en Colombia, 2016-2017 $edesafi?os, avances y propuestas /$feditoras, Beatriz London?o Toro y Laly Catalina Peralta Gonza?lez 210 1$aBogota?, D.C. :$cUniversidad del Rosario, Grupo de Investigacio?n en Derechos Humanos :$cFundacio?n Hanns Seidel,$dabril 2018. 215 $a1 online resource $ccolor illustrations 300 $aProceedings of the conference Simposio Alianzas y Redes Regionales, held November 24, 2017 at the Universidad del Rosario sponsored by the Grupo de Investigacio?n en Derechos Humanos, Facultad de Jurisprudencia and the Fundacio?n Hanns Seidel. 311 08$a958-738-838-0 327 $aLas voces de las vi?ctimas -- Por una reforma integral : la tierra -- Reglamentar la participacio?n para construir paz -- Reincorporacio?n y fin del conflicto. 330 8 $aEste Boleti?n presenta la sistematizacio?n de las conclusiones ma?s relevantes del Simposio Alianzas y Redes Regionales en la Implementacio?n del Acuerdo Final, evento propuesto por la Universidad del Rosario y la Fundacio?n Hanns Seidel para permitir el debate y dia?logo constructivo entre actores institucionales, sociales y acade?micos de diversas regiones del pai?s. La metodologi?a utilizada en las mesas de trabajo, permitio? sintetizar los aportes y publicarlos como insumo para futuros trabajos de investigacio?n y seguimiento del Acuerdo de Paz con las FARC. El trabajo aborda cuatro temas: i) las voces de las vi?ctimas, ii) reforma de tierras, iii) participacio?n poli?tica para construir la paz, y iv) reincorporacio?n y fin del conflicto. Las conclusiones del trabajo coinciden con los informes internacionales, al sen?alar como prioritarias las medidas para la proteccio?n y seguridad en los territorios, el proceso de reincorporacio?n de los excombatientes, y la operacio?n exitosa de la Jurisdiccio?n Especial para la Paz (JEP). 606 $aPeace-building$zColombia$vCongresses 606 $aPeace-building$xPolitical aspects$zColombia$vCongresses 606 $aSocial conflict$zColombia$vCongresses 606 $aWar victims$xLegal status, laws, etc$zColombia$vCongresses 607 $aColombia$xPolitics and government$y21st century$vCongresses 608 $aConference papers and proceedings.$2lcgft 615 0$aPeace-building 615 0$aPeace-building$xPolitical aspects 615 0$aSocial conflict 615 0$aWar victims$xLegal status, laws, etc. 676 $a303.6609861 702 $aLondon?o Toro$b Beatriz 702 $aPeralta Gonza?lez$b Laly Catalina 712 02$aUniversidad del Rosario.$bFacultad de Jurisprudencia.$bGrupo de Investigacio?n en Derechos Humanos, 712 02$aHanns-Seidel-Stiftung, 801 0$bDGITA 801 1$bDGITA 906 $aBOOK 912 $a9911008494003321 996 $aImplementacio?n del acuerdo de paz en Colombia, 2016-2017$94395480 997 $aUNINA